| 000 | 00000nam##2200000za#4500 |
| 001 | 9.572323 |
| 003 | CaOODSP |
| 005 | 20210624183149 |
| 007 | cr ||||||||||| |
| 008 | 150406|1998||||xxc|||||o f|0| 0 eng|d |
| 040 | |aCaOODSP|beng |
| 043 | |an-cn--- |
| 086 | 1 |aF21-6/1998-5E-PDF |
| 110 | 1 |aCanada.|bDepartment of Finance.|bTask Force on the Future of the Canadian Financial Services Sector. |
| 245 | 10|aCanadian financial institutions and their adoption of new technologies / |h[electronic resource]|cby Ernst & Young. |
| 260 | |aOttawa - Ontario : |bFinance Canada. |cSeptember 1998. |
| 300 | |a135p.|bglossary, graphs, references, table |
| 490 | 1 |aResearch paper prepared for the Task Force on the Future of the Canadian Financial Services Sector |
| 500 | |aIncorrect catalogue number (BT22-61/3-1998E-5) copied in this PDF edition. The ISBN (0-662-27143-2) for the print edition has been incorrectly copied in this electronic publication. |
| 504 | |aBibliography. |
| 590 | |a11-29-Supp|b2011-11-25 |
| 690 | 07|aFinancial institutions|2gcpds |
| 710 | 2 |aErnst & Young. |
| 775 | 08|tL'adoption des nouvelles technologies par les institutions financières du Canada / |w(CaOODSP)9.602700 |
| 776 | 0#|tCanadian financial institutions and their adoption of new technologies / |w(CaOODSP)9.614532 |
| 830 | #0|aResearch paper prepared for the Task Force on the Future of the Canadian Financial Services Sector.|w(CaOODSP)9.506754 |
| 856 | 40|ahttp://publications.gc.ca|qPDF|s480 KB|uhttps://publications.gc.ca/collections/Collection/F21-6-1998-5E.pdf |